| 000 | 00838nam a2200253Ia 4500 | ||
|---|---|---|---|
| 003 | OSt | ||
| 005 | 20221005111118.0 | ||
| 006 | a|||||r|||| 00| 0 | ||
| 007 | ta | ||
| 008 | 221004b |||||||| |||| 00| 0 hin d | ||
| 020 |
_a8181432347 (hbk) _c175 |
||
| 024 | _a104242 | ||
| 037 |
_b372, 17/02/2011, Vani Prakashan _cTextual |
||
| 040 |
_aCRL _cCRL _bhin |
||
| 041 |
_2hin _ahin |
||
| 082 | _aO152,2N23,AB, L9;Q0 | ||
| 100 | _aहबीब तनवीर | ||
| 245 | 0 | _aआगरा बाज़ार | |
| 246 | _aĀgarā bāज़āra | ||
| 260 |
_aनई दिल्ली _bवाणी प्रकाशन भारत _c2010 |
||
| 300 |
_a120पृ0 _ccm. |
||
| 942 |
_hO152,2N23,AB, L9;Q0 _cTEXL _2cc |
||
| 999 |
_c1020863 _d1020863 |
||